[Event "Rubinstein Memorial-D 54th"]
[Site "Polanica Zdroj"]
[Date "2018.08.25"]
[Round "8"]
[White "Grzebieniowski, Michal"]
[Black "Chmiel, Pawel"]
[Result "1/2-1/2"]
[WhiteElo "1385"]
[BlackElo "1220"]
[PlyCount "120"]
[EventDate "2018.08.18"]
[EventType "swiss"]
[EventRounds "9"]
[EventCountry "POL"]
[SourceTitle "EXT 2020"]
[Source "ChessBase"]
[SourceDate "2019.10.17"]
[SourceVersion "1"]
[SourceVersionDate "2019.10.17"]
[SourceQuality "1"]

1. e4 e5 2. Nf3 Nc6 3. Nc3 Bc5 4. Nxe5 Nxe5 5. d4 Bd6 6. dxe5 Bxe5 7. f4 Bxc3+ 8. bxc3 d6 9. Bd3 Qh4+ 10. g3 Qh3 11. Bf1 Qg4 12. Qd3 Nf6 13. Bg2 Qe6 14. 0-0 0-0 15. Ba3 Re8 16. Rae1 Qxa2 17. Bc1 b6 18. e5 Ba6 19. Qd2 Bxf1 20. Bxa8 Rxa8 21. exf6 Bh3 22. fxg7 Kxg7 23. Qd4+ Kg8 24. Qe4 d5 25. Qd3 c5 26. Re5 Qc4 27. Rxd5 Qxd3 28. cxd3 a5 29. Ba3 Re8 30. Kf2 f6 31. Rd6 Re6 32. Rd8+ Kg7 33. Rd7+ Kg6 34. Rd8 Bg4 35. Rg8+ Kh5 36. h3 Bxh3 37. Bc1 Bf5 38. Rd8 Bg4 39. Be3 Bf5 40. Kf3 Bg4+ 41. Kf2 Re7 42. Rb8 Rd7 43. d4 cxd4 44. Bxd4 Rd6 45. Rxb6 Rxb6 46. Bxb6 a4 47. Bc5 Be6 48. Bb4 Kg4 49. Bc5 Bc4 50. Bb4 h5 51. Bd6 f5 52. Kg2 Bb3 53. Kf2 Bd5 54. Bb4 h4 55. gxh4 Kxf4 56. Be7 Kg4 57. Ke3 f4+ 58. Kf2 Bf7 59. Bd6 Kxh4 60. Bxf4 a3 1/2-1/2

[Event "POL-chT U20 2nd League"]
[Site "Szczyrk"]
[Date "2017.07.30"]
[Round "11.52"]
[White "Chmiel, Pawel"]
[Black "Oklejewicz, Marcin"]
[Result "0-1"]
[WhiteElo "1331"]
[BlackElo "1237"]
[PlyCount "72"]
[EventDate "2017.07.22"]
[EventType "team-swiss"]
[EventRounds "11"]
[EventCountry "POL"]
[SourceTitle "EXT 2019"]
[Source "ChessBase"]
[SourceDate "2018.10.10"]
[SourceVersion "1"]
[SourceVersionDate "2018.10.10"]
[SourceQuality "1"]

1. e4 e5 2. Nf3 d6 3. d4 exd4 4. Nxd4 Nf6 5. Nc3 a6 6. a4 Be7 7. Be2 c5 8. Nb3 0-0 9. g4 h6 10. Be3 Nc6 11. Rg1 Ne5 12. f4 Ng6 13. g5 hxg5 14. fxg5 Nh7 15. Qd2 Be6 16. Nd5 Bxd5 17. exd5 b6 18. Bd3 Re8 19. 0-0-0 Ne5 20. Bxh7+ Kxh7 21. h4 g6 22. Qe2 f6 23. h5 fxg5 24. hxg6+ Kxg6 25. Rh1 Rh8 26. Bxc5 bxc5 27. Nxc5 dxc5 28. Qxe5 Bf6 29. Qe4+ Kg7 30. d6 Qe8 31. Qb7+ Qf7 32. d7 Rab8 33. Qe4 Bxb2+ 34. Kb1 Ba3+ 35. Ka1 Qf6+ 36. Ka2 Qb2# 0-1